Quick Pick: Strange Phobias Quiz Stats

 Plays Quiz Updated Feb 24, 2016

Also try: Oh, the Irony
Challenge
Share
Tweet
Embed
Score 0/10 Timer 01:00
4 Plays Today
% Correct
Equinophobia
91.7%
Arithmophobia
86.2%
Scriptophobia
85%
Venustraphobia
84.8%
Sesquipedalophobia
84.6%
Papyrophobia
83.8%
Optophobia
83.7%
Ornithophobia
80.7%
Ecclesiophobia
74.1%
Chorophobia
73.6%

Today's Daily Dose

You're not logged in!

Compare scores with friends on all Sporcle quizzes.
OR
Log In

You Might Also Like...

Show Comments

Extras

Top Quizzes Today


Score Distribution

Your Account Isn't Verified!

In order to create a playlist on Sporcle, you need to verify the email address you used during registration. Go to your Sporcle Settings to finish the process.

Report this User

Report this user for behavior that violates our Community Guidelines.

Details: